| 000 | 00478nam a2200217Ia 4500 | ||
|---|---|---|---|
| 003 | 0100 | ||
| 008 | 130227s9999 xx 000 0 und d | ||
| 040 | _cARRUPELIB | ||
| 050 | _aBX1750.N44T72 1974 | ||
| 100 | _aTrevor, Meriol | ||
| 245 | _aNewman's journey | ||
| 260 | _aLondon | ||
| 260 | _bFount | ||
| 260 | _C1996 | ||
| 300 | _axiv | ||
| 300 | _b 262p. 21cm. | ||
| 650 | _bReligion and science | ||
| 650 | _cChristian life | ||
| 650 | _dlove | ||
| 942 |
_2lcc _01 |
||
| 999 |
_c3702 _d3702 |
||